00796nam a22002177a 450000500170000001000150001702000270003203500140005903700090007308200120008210000240009424500660011826000420018427000870022630000220031349000140033570000540034994200260040399900190042995201300044820250327142949.0 aENG-144303 c1500.00a9788193136201 aEN-127835 bDBAD a616.029 aHavel Smruti979974 aINTEGRATED HANDBOOK OF FAMILY MEDICINEcSmruti HavalhEnglish aBelgaumbSukarmayogi Publishersc2015 bKarnataka aRukmani Hospital, Maddi Galli, Sankeshwar, Belagum, Karnataka e591313 a223(p)c218cm(pb) vVolume -1 aSmruti Mandar {And} Smruti Subhash Nikumbh979968 2ddccENh616.029mSMR c210546d210546 001040708NFICaMbMd2025-03-27eDBADg1500.00l0o616.029 SMRpEN-127835r2025-03-27 00:00:00t1v1500.00w2025-03-27yEN